the very first night - taylor swift - Statistics

General Stats
  • This quiz has been taken 27 times
  • The average score is 341 of 389
Answer Stats
lyrics % Correct
first
100%
go
100%
i
100%
in
100%
like
100%
night
100%
party
100%
so
100%
the
100%
very
100%
we
100%
you
100%
all
92%
and
92%
back
92%
broke
92%
car
92%
do
92%
don't
92%
every
92%
goes
92%
it
92%
know
92%
miss
92%
my
92%
they
92%
time
92%
to
92%
was
92%
when
92%
about
85%
alone
85%
both
85%
but
85%
'cause
85%
did
85%
different
85%
everything
85%
fell
85%
friends
85%
hotel
85%
how
85%
me
85%
much
85%
never
85%
on
85%
one
85%
pick
85%
same
85%
say
85%
sky
85%
this
85%
up
85%
we'd
85%
weekend
85%
were
85%
whisper
85%
wish
85%
write
85%
could
77%
down
77%
drive
77%
each
77%
fly
77%
going
77%
i'd
77%
i'm
77%
la
77%
lead
77%
love
77%
no
77%
other's
77%
out
77%
roads
77%
saw
77%
through
77%
apart
69%
at
69%
away
69%
broken-hearted
69%
coming
69%
didn't
69%
fall
69%
hallway
69%
hearts
69%
knows
69%
not
69%
picture
69%
polaroid
69%
riding
69%
seem
69%
take
69%
then
69%
weren't
69%
as
62%
built
62%
children
62%
forget
62%
note
62%
quo
62%
read
62%
remember
62%
status
62%
that
62%
trying
62%
words
62%
kitchen
54%
phone
54%
running
54%
chase
46%
dance
46%
No matching quizzes found
Score Distribution
Percent of People with Each Score
Percentile by Number Answered
Your Score History
You have not taken this quiz